| 000 | 00459nam a2200181Ia 4500 | ||
|---|---|---|---|
| 001 | 2700 | ||
| 005 | 20260306144826.0 | ||
| 008 | 260306t2000||||xx |||||||||||||| ||spa|| | ||
| 041 | _aESP | ||
| 082 |
_a303.66071 _bL36 |
||
| 100 |
_aLederach, John Paul _eAUT |
||
| 245 | 0 |
_aEl abecé de la paz y los conflictos: _beducación para la paz |
|
| 260 | _c2000 | ||
| 300 |
_a188 páginas : _c19 cm. |
||
| 650 | _aGEN | ||
| 654 | _aCHU | ||
| 942 |
_cLIB _dJUS _fJUS _2ddc _n |
||
| 999 |
_c2700 _d2700 |
||